Manual de urgencias psiquiátricas
Збережено в:
| Автори: | , |
|---|---|
| Формат: | Книга |
| Мова: | Іспанська |
| Опубліковано: |
Barcelona
Masson
1996
|
| Редагування: | 3a. ed |
| Серія: | Serie Manuales Espirales
|
| Предмети: | |
| Теги: |
Додати тег
Немає тегів, Будьте першим, хто поставить тег для цього запису!
|
MARC
| LEADER | 00000nam a2200000 a 4500 | ||
|---|---|---|---|
| 001 | UCU9554 | ||
| 003 | CL-VaPUC | ||
| 008 | 960823e19960000SP |||||||||||||||||spa|d | ||
| 082 | 0 | 4 | |a 616.89 |b HYM |2 21 |
| 100 | 0 | |a Hyman, Steven E |e author |9 368759 | |
| 700 | 0 | |a Tesar, George E |e author |9 368760 | |
| 245 | 1 | 0 | |a Manual de urgencias psiquiátricas |
| 250 | |a 3a. ed | ||
| 300 | |a 397 p | ||
| 942 | |c BK | ||
| 945 | |d 19960823 00:00:00 |a nastorga | ||
| 260 | |a Barcelona |b Masson |c 1996 | ||
| 650 | 7 | |a CIENCIAS MEDICAS |2 CL-VaPUC |9 337221 | |
| 650 | 0 | |a Atención médica |9 337119 | |
| 650 | 0 | |a Diagnóstico médico |9 306819 | |
| 650 | 0 | |a Psiquiatría |9 308427 | |
| 650 | 0 | |a Terapia |9 334442 | |
| 650 | 0 | |a Violencia en el hogar |9 334209 | |
| 650 | 0 | |a Enfermedades mentales |9 310204 | |
| 650 | 0 | |a Salud mental |9 308393 | |
| 583 | |a last modification |c 19960823 00:00:00 |k Rodrigo Vera | ||
| 490 | 0 | |a Serie Manuales Espirales | |
| 999 | |c 251270 |d 251268 | ||
| 952 | |0 0 |1 0 |4 0 |6 616_890000000000000_HYM_1996 |7 0 |8 A |9 270319 |a BIBEDU |b BIBEDU |d 2019-11-19 |i 3221911 |o 616.89 HYM 1996 |p 3221911 |r 2019-11-19 |w 2019-11-19 |y BK |k PSI | ||